[Event "Baltic Sea Cup"]
[Site "Ronne"]
[Date "2007.07.30"]
[Round "1"]
[White "Hansen, Ib Lynaes"]
[Black "Khenkin, Igor"]
[Result "0-1"]
[WhiteElo "1926"]
[BlackElo "2602"]
[PlyCount "80"]
[EventDate "2007.??.??"]
[EventType "swiss"]
[EventRounds "9"]
[EventCountry "DEN"]
[SourceDate "2005.12.01"]
[WhiteTeam "Denmark"]
[BlackTeam "Denmark"]
[WhiteTeamCountry "DEN"]
[BlackTeamCountry "DEN"]

1. e4 c6 2. d4 d5 3. Nd2 dxe4 4. Nxe4 Bf5 5. Ng3 Bg6 6. Nf3 Nd7 7. c3 e6 8. Bc4
Ngf6 9. a4 Bd6 10. Qe2 Qc7 11. Bd2 O-O 12. O-O c5 13. Rfe1 cxd4 14. cxd4 Nb6
15. b3 Nbd5 16. Ne5 Qb6 17. Nf3 a5 18. Bg5 Bb4 19. Rec1 Bc3 20. Bxf6 Bxa1 21.
Bxg7 Kxg7 22. Rxa1 Qd6 23. Ne5 Rad8 24. Rd1 Nc3 25. Nh5+ Kh8 26. Qf3 Bxh5 27.
Qxh5 Nxd1 28. Bd3 f5 29. Ng6+ Kg7 30. Nxf8 Rxf8 31. Qxd1 Qxd4 32. Qf3 Rd8 33.
Be2 b6 34. h3 Qa1+ 35. Kh2 Qe5+ 36. g3 Rd2 37. Bc4 Qe1 38. Kg2 Rd1 39. Qb7+ Kf6
40. g4 Qh1+ 0-1

[Event "Baltic Sea Cup"]
[Site "Ronne"]
[Date "2007.07.30"]
[Round "1.2"]
[White "Malakhatko, Vadim"]
[Black "Andersen, Rune"]
[Result "1-0"]
[WhiteElo "2596"]
[BlackElo "2076"]
[PlyCount "51"]
[EventDate "2007.??.??"]
[EventType "swiss"]
[EventRounds "9"]
[EventCountry "DEN"]
[SourceDate "2005.12.01"]
[WhiteTeam "Denmark"]
[BlackTeam "Denmark"]
[WhiteTeamCountry "DEN"]
[BlackTeamCountry "DEN"]

1. d4 d5 2. c4 c6 3. Nc3 Nf6 4. e3 e6 5. Nf3 Nbd7 6. Bd3 dxc4 7. Bxc4 b5 8. Bd3
a6 9. e4 c5 10. d5 c4 11. Bc2 Qb6 12. dxe6 fxe6 13. e5 Ng4 14. Qe2 Bc5 15. O-O
Bb7 16. Be4 O-O-O 17. Bxb7+ Qxb7 18. h3 Nh6 19. a4 Nf5 20. axb5 axb5 21. Ne4
Kb8 22. Rd1 Qb6 23. Bg5 Be7 24. Nd6 Rhf8 25. Qe4 Kc7 26. Ra7+ 1-0

[Event "Baltic Sea Cup"]
[Site "Ronne"]
[Date "2007.07.30"]
[Round "1.3"]
[White "Hafner, Christian"]
[Black "Stripunsky, Alexander"]
[Result "0-1"]
[WhiteElo "2159"]
[BlackElo "2589"]
[PlyCount "102"]
[EventDate "2007.??.??"]
[EventType "swiss"]
[EventRounds "9"]
[EventCountry "DEN"]
[SourceDate "2005.12.01"]
[WhiteTeam "Denmark"]
[BlackTeam "Denmark"]
[WhiteTeamCountry "DEN"]
[BlackTeamCountry "DEN"]

1. e4 c5 2. Nf3 e6 3. d4 cxd4 4. Nxd4 a6 5. Nc3 Qc7 6. Be2 b5 7. O-O Bb7 8. Be3
Nf6 9. f3 b4 10. Na4 d5 11. exd5 Nxd5 12. Bf2 Bd6 13. g3 O-O 14. c4 bxc3 15.
Rc1 Rd8 16. Nxc3 Nxc3 17. Rxc3 Qe7 18. Qc2 g6 19. Nb3 Nd7 20. Nc5 Nxc5 21. Bxc5
Bxc5+ 22. Rxc5 Rd2 23. Qxd2 Qxc5+ 24. Kg2 a5 25. Rc1 Qb6 26. Rc3 Rd8 27. Qc2
Qd6 28. Rc7 Qb6 29. Rc3 Rd7 30. Bc4 e5 31. Rd3 Re7 32. Qb3 Qf6 33. Bd5 a4 34.
Qxa4 e4 35. fxe4 Qxb2+ 36. Kf3 Bc8 37. Qd4 Qxh2 38. Rd2 Qh1+ 39. Kf4 Qh3 40.
Rf2 Qg4+ 41. Ke3 Qxg3+ 42. Kd2 Be6 43. Bxe6 Rxe6 44. Qd8+ Kg7 45. Qd4+ Re5 46.
Re2 h5 47. a4 Kh7 48. Qa7 Qg5+ 49. Kd3 Re7 50. Qd4 Qg4 51. Rf2 Qh3+ 0-1

[Event "Baltic Sea Cup"]
[Site "Ronne"]
[Date "2007.07.30"]
[Round "1.4"]
[White "Hansen, Sune Berg"]
[Black "Maas, Thomas"]
[Result "1-0"]
[WhiteElo "2574"]
[BlackElo "2071"]
[PlyCount "61"]
[EventDate "2007.??.??"]
[EventType "swiss"]
[EventRounds "9"]
[EventCountry "DEN"]
[SourceDate "2005.12.01"]
[WhiteTeam "Denmark"]
[BlackTeam "Denmark"]
[WhiteTeamCountry "DEN"]
[BlackTeamCountry "DEN"]

1. e4 e6 2. d3 d5 3. Nd2 c5 4. g3 Nc6 5. Bg2 g6 6. Ngf3 Bg7 7. O-O Nge7 8. Re1
O-O 9. c3 Qc7 10. Qe2 Bd7 11. h4 h6 12. e5 f6 13. exf6 Rxf6 14. Nb3 b6 15. d4
Rf7 16. Be3 Raf8 17. Rad1 c4 18. Nbd2 b5 19. a3 a5 20. Nf1 b4 21. axb4 axb4 22.
Ra1 Kh7 23. N1h2 Rb8 24. Ng4 bxc3 25. bxc3 Rb3 26. Qc2 Rf8 27. h5 Rfb8 28.
hxg6+ Nxg6 29. Bf4 Rb2 30. Qxg6+ Kxg6 31. Bxc7 1-0

[Event "Baltic Sea Cup"]
[Site "Ronne"]
[Date "2007.07.30"]
[Round "1.5"]
[White "Hansen, Lars Henrik Bech"]
[Black "Savchenko, Boris"]
[Result "0-1"]
[WhiteElo "2070"]
[BlackElo "2577"]
[PlyCount "66"]
[EventDate "2007.??.??"]
[EventType "swiss"]
[EventRounds "9"]
[EventCountry "DEN"]
[SourceDate "2005.12.01"]
[WhiteTeam "Denmark"]
[BlackTeam "Denmark"]
[WhiteTeamCountry "DEN"]
[BlackTeamCountry "DEN"]

1. e4 e6 2. d4 d5 3. Nc3 Nf6 4. Bg5 dxe4 5. Nxe4 Be7 6. Bxf6 gxf6 7. Nf3 b6 8.
Bb5+ c6 9. Bd3 Bb7 10. Qe2 Qc7 11. O-O-O Nd7 12. Kb1 O-O-O 13. Ba6 Bxa6 14.
Qxa6+ Kb8 15. c4 f5 16. Nc3 Bb4 17. Qa4 Bxc3 18. bxc3 Nf6 19. Ne5 Ne4 20. Qc2
Rhg8 21. f3 Nd6 22. Qa4 Kb7 23. Rd2 Nc8 24. Ka1 c5 25. Re1 f6 26. Nd3 cxd4 27.
cxd4 Rxd4 28. Rxe6 Rgd8 29. Qb3 Rxc4 30. Rxf6 a5 31. Rxf5 a4 32. Qb1 a3 33. Rc5
Qg7+ 0-1

[Event "Baltic Sea Cup"]
[Site "Ronne"]
[Date "2007.07.30"]
[Round "1.6"]
[White "Hillarp Persson, Tiger"]
[Black "Ertbjerg, Andreas Lund"]
[Result "1-0"]
[WhiteElo "2568"]
[BlackElo "2069"]
[PlyCount "69"]
[EventDate "2007.??.??"]
[EventType "swiss"]
[EventRounds "9"]
[EventCountry "DEN"]
[SourceDate "2005.12.01"]
[WhiteTeam "Denmark"]
[BlackTeam "Denmark"]
[WhiteTeamCountry "DEN"]
[BlackTeamCountry "DEN"]

1. e4 e6 2. d4 d5 3. Nc3 Bb4 4. e5 c5 5. a3 Bxc3+ 6. bxc3 Ne7 7. Qg4 Qc7 8.
Qxg7 Rg8 9. Qxh7 cxd4 10. Ne2 Nbc6 11. f4 Bd7 12. Qd3 dxc3 13. Nxc3 a6 14. Ne2
O-O-O 15. Rb1 Na5 16. Nd4 Nec6 17. Bd2 Nc4 18. Nf3 f6 19. exf6 e5 20. f7 Rgf8
21. Qxd5 Nxa3 22. Rb2 Bf5 23. Qc5 Nxc2+ 24. Rxc2 Bxc2 25. Qxc2 exf4 26. Bc4 Kb8
27. Qe4 Ka8 28. Bxf4 Qa5+ 29. Kf2 Qb6+ 30. Kg3 Rh8 31. Rb1 Qc5 32. h4 Rd7 33.
Qe6 Qe7 34. Qxe7 Nxe7 35. Be6 1-0

[Event "Baltic Sea Cup"]
[Site "Ronne"]
[Date "2007.07.30"]
[Round "1.8"]
[White "Hector, Jonny"]
[Black "Johansen, Johnny Holler"]
[Result "1-0"]
[WhiteElo "2550"]
[BlackElo "2058"]
[PlyCount "23"]
[EventDate "2007.??.??"]
[EventType "swiss"]
[EventRounds "9"]
[EventCountry "DEN"]
[SourceDate "2005.12.01"]
[WhiteTeam "Denmark"]
[BlackTeam "Denmark"]
[WhiteTeamCountry "DEN"]
[BlackTeamCountry "DEN"]

1. e4 c5 2. Nc3 Nc6 3. Nf3 e6 4. d4 cxd4 5. Nxd4 a6 6. Nxc6 dxc6 7. Qxd8+ Kxd8
8. Bf4 Bb4 9. O-O-O+ Bd7 10. Na4 Nf6 11. Nb6 Ke7 12. Bg5 1-0

[Event "Baltic Sea Cup"]
[Site "Ronne"]
[Date "2007.07.30"]
[Round "1.9"]
[White "Hornsgaard, Jens Boe"]
[Black "Kasparov, Sergey"]
[Result "0-1"]
[WhiteElo "2052"]
[BlackElo "2500"]
[PlyCount "86"]
[EventDate "2007.??.??"]
[EventType "swiss"]
[EventRounds "9"]
[EventCountry "DEN"]
[SourceDate "2005.12.01"]
[WhiteTeam "Denmark"]
[BlackTeam "Denmark"]
[WhiteTeamCountry "DEN"]
[BlackTeamCountry "DEN"]

1. e4 c6 2. d4 d5 3. Nc3 dxe4 4. Nxe4 Bf5 5. Ng3 Bg6 6. h4 h6 7. Nf3 Nd7 8. h5
Bh7 9. Bd3 Bxd3 10. Qxd3 e6 11. Bf4 Bb4+ 12. c3 Be7 13. O-O-O Ngf6 14. Kb1 O-O
15. Qe2 Qa5 16. Ne5 Rad8 17. Ne4 Nxe4 18. Qxe4 Nxe5 19. dxe5 Rd5 20. c4 Rxd1+
21. Rxd1 Rd8 22. Rxd8+ Qxd8 23. Kc2 Qa5 24. a3 Qa4+ 25. Kc1 Bc5 26. Qd3 b5 27.
Bd2 Qxc4+ 28. Qxc4 bxc4 29. f4 g6 30. hxg6 fxg6 31. Kc2 Bd4 32. Bc3 c5 33. Kd2
Kf7 34. Ke2 h5 35. Kf3 Ke7 36. Kg3 Be3 37. Kf3 Bc1 38. g3 Kd7 39. Kg2 Kc6 40.
Kh3 Be3 41. Be1 Bd4 42. Bc3 Kd5 43. Kh4 Bf2 0-1

[Event "Baltic Sea Cup"]
[Site "Ronne"]
[Date "2007.07.30"]
[Round "1.11"]
[White "Vera Gonzalez, Reynaldo"]
[Black "Tallaksen, Levi Andre"]
[Result "1-0"]
[WhiteElo "2479"]
[BlackElo "2037"]
[PlyCount "107"]
[EventDate "2007.??.??"]
[EventType "swiss"]
[EventRounds "9"]
[EventCountry "DEN"]
[SourceDate "2005.12.01"]
[WhiteTeam "Denmark"]
[BlackTeam "Denmark"]
[WhiteTeamCountry "DEN"]
[BlackTeamCountry "DEN"]

1. d4 Nf6 2. c4 e6 3. Nc3 d5 4. cxd5 exd5 5. Bg5 Be7 6. e3 O-O 7. Bd3 c6 8. Qc2
h6 9. Bf4 Be6 10. h3 Nbd7 11. Nge2 Rc8 12. O-O Re8 13. Rfd1 Nf8 14. a3 a5 15.
Rab1 Bd6 16. Na4 b5 17. Nc5 Qe7 18. Bxd6 Qxd6 19. a4 Rb8 20. Rdc1 Rb6 21. b4
bxa4 22. bxa5 Rxb1 23. Rxb1 Ra8 24. Qxa4 Bc8 25. Rb6 Bd7 26. a6 Be8 27. Qb4 Ng6
28. Rb7 Ne7 29. Nd7 Qxb4 30. Nxf6+ gxf6 31. Rxb4 Kf8 32. Ng3 Bd7 33. Nh5 f5 34.
Nf6 Bc8 35. Rb7 Ng8 36. Nd7+ Ke8 37. Bxf5 Kd8 38. Rb8 Rxb8 39. Nxb8 Ne7 40. a7
Bb7 41. g4 Nxf5 42. gxf5 Kc7 43. Kh2 Kb6 44. Nd7+ Kxa7 45. f6 Bc8 46. Ne5 Kb6
47. Nxf7 Kc7 48. Nxh6 Kd6 49. Ng4 Ke6 50. Kg3 Kf7 51. Kf4 Kg6 52. Ke5 Bd7 53.
Kd6 Be8 54. Ke7 1-0

[Event "Baltic Sea Cup"]
[Site "Ronne"]
[Date "2007.07.30"]
[Round "1.12"]
[White "Schmitz, Manuela"]
[Black "Pilgaard, Kim"]
[Result "0-1"]
[WhiteElo "2031"]
[BlackElo "2448"]
[PlyCount "130"]
[EventDate "2007.??.??"]
[EventType "swiss"]
[EventRounds "9"]
[EventCountry "DEN"]
[SourceDate "2005.12.01"]
[WhiteTeam "Denmark"]
[BlackTeam "Denmark"]
[WhiteTeamCountry "DEN"]
[BlackTeamCountry "DEN"]

1. d4 Nf6 2. c4 c5 3. e3 g6 4. Nf3 Bg7 5. Bd3 O-O 6. O-O d5 7. dxc5 dxc4 8.
Bxc4 Qxd1 9. Rxd1 Ne4 10. Na3 Nxc5 11. Nb5 Nc6 12. Nc7 Rb8 13. Nd5 Bg4 14. h3
Bxf3 15. gxf3 Rfd8 16. Be2 Na4 17. Rb1 e6 18. Nf4 Ne5 19. Kg2 Rxd1 20. Bxd1 b5
21. Be2 a6 22. Nd3 Nxd3 23. Bxd3 Rd8 24. Be2 Rc8 25. Bd1 h5 26. Kf1 Bf6 27. Ke1
Bh4 28. Bd2 Nc5 29. Ke2 Rd8 30. Ba5 Rd5 31. Bc2 Bf6 32. Bb4 Nb7 33. Be4 Rd7 34.
b3 Be7 35. Bxe7 Rxe7 36. Bxb7 Rxb7 37. Rc1 Rb6 38. Rc8+ Kg7 39. Ra8 Rc6 40. Kd2
g5 41. Ra7 Kg6 42. Ra8 Kf5 43. Rh8 h4 44. Ra8 e5 45. Ra7 f6 46. Ra8 e4 47. f4
gxf4 48. Rh8 Rd6+ 49. Ke2 f3+ 50. Ke1 Rd7 51. Rxh4 Rg7 52. Rf4+ Ke5 53. Kf1 Rc7
54. Kg1 Rc1+ 55. Kh2 Rf1 56. Kg3 Rg1+ 57. Kh4 f5 58. Kh5 Kf6 59. Kh6 Rg2 60. a4
Rxf2 61. axb5 axb5 62. h4 Rb2 63. h5 Rxb3 64. Kh7 Rxe3 65. h6 Rc3 0-1

[Event "Baltic Sea Cup"]
[Site "Ronne"]
[Date "2007.07.30"]
[Round "1.13"]
[White "Rasmussen, Allan Stig"]
[Black "Frisk, Hans"]
[Result "1-0"]
[WhiteElo "2450"]
[BlackElo "2028"]
[PlyCount "83"]
[EventDate "2007.??.??"]
[EventType "swiss"]
[EventRounds "9"]
[EventCountry "DEN"]
[SourceDate "2005.12.01"]
[WhiteTeam "Denmark"]
[BlackTeam "Denmark"]
[WhiteTeamCountry "DEN"]
[BlackTeamCountry "DEN"]

1. e4 e5 2. Nf3 Nc6 3. Bb5 f5 4. Nc3 fxe4 5. Nxe4 Nf6 6. Nxf6+ Qxf6 7. Qe2 Be7
8. Bxc6 dxc6 9. Nxe5 Bf5 10. O-O O-O 11. d4 Bd6 12. f4 Rae8 13. Be3 Bxe5 14.
dxe5 Qg6 15. Rac1 h5 16. Bf2 Be4 17. Bh4 Rf7 18. h3 Bf5 19. Kh2 Rd7 20. Rfd1
Rf8 21. Rxd7 Bxd7 22. Bg5 Kf7 23. Rd1 Bf5 24. b3 Rh8 25. Qc4+ Be6 26. Qb4 Re8
27. Rd2 b6 28. Qa4 c5 29. Qxa7 Rc8 30. Qb7 Kg8 31. Qc6 Qf5 32. Qf3 g6 33. Qc6
Qf7 34. Bf6 Bf5 35. Kg3 Qe6 36. Qxe6+ Bxe6 37. Kh4 Kf7 38. Kg5 Ra8 39. c4 Rg8
40. g4 hxg4 41. hxg4 Bc8 42. Rh2 1-0

[Event "Baltic Sea Cup"]
[Site "Ronne"]
[Date "2007.07.30"]
[Round "1.14"]
[White "Simonsen, Per Barndorff"]
[Black "Kristiansen, Jens"]
[Result "0-1"]
[WhiteElo "2023"]
[BlackElo "2436"]
[PlyCount "70"]
[EventDate "2007.??.??"]
[EventType "swiss"]
[EventRounds "9"]
[EventCountry "DEN"]
[SourceDate "2005.12.01"]
[WhiteTeam "Denmark"]
[BlackTeam "Denmark"]
[WhiteTeamCountry "DEN"]
[BlackTeamCountry "DEN"]

1. d4 Nf6 2. c4 g6 3. Nc3 Bg7 4. e4 d6 5. f3 O-O 6. Bg5 c5 7. d5 h6 8. Be3 e6
9. Qd2 exd5 10. cxd5 Kh7 11. Bd3 a6 12. a4 Nbd7 13. Nge2 Ne5 14. O-O Rb8 15.
Ra3 Nfd7 16. b3 Nxd3 17. Qxd3 Ne5 18. Qd2 Re8 19. h3 b5 20. axb5 axb5 21. Ra7
b4 22. Na4 Re7 23. Rxe7 Qxe7 24. f4 Nd7 25. Ng3 Ba6 26. Rf2 Bb5 27. Nb2 Re8 28.
f5 Nf6 29. fxg6+ fxg6 30. Rf4 Qe5 31. Nd3 Qc3 32. Qxc3 bxc3 33. Nf2 Nxd5 34.
Rf3 Nxe3 35. Rxe3 c2 0-1

[Event "Baltic Sea Cup"]
[Site "Ronne"]
[Date "2007.07.30"]
[Round "1.16"]
[White "Glibstrup, Jakob"]
[Black "Hoi, Carsten"]
[Result "1-0"]
[WhiteElo "1939"]
[BlackElo "2422"]
[PlyCount "123"]
[EventDate "2007.??.??"]
[EventType "swiss"]
[EventRounds "9"]
[EventCountry "DEN"]
[SourceDate "2005.12.01"]
[WhiteTeam "Denmark"]
[BlackTeam "Denmark"]
[WhiteTeamCountry "DEN"]
[BlackTeamCountry "DEN"]

1. e4 Nc6 2. d4 e5 3. dxe5 Nxe5 4. f4 Nc6 5. Be3 Bb4+ 6. c3 Ba5 7. b4 Bb6 8.
Bxb6 axb6 9. e5 Qe7 10. Be2 f6 11. Nf3 fxe5 12. fxe5 Nh6 13. O-O O-O 14. Bc4+
Kh8 15. Nbd2 d6 16. e6 b5 17. Bd5 Ng4 18. Ng5 Rxf1+ 19. Qxf1 Ne3 20. Qxb5 Qxg5
21. Bxc6 d5 22. Bxd5 Bxe6 23. Bc6 Qd8 24. Bxb7 Rb8 25. Qe2 Bg8 26. Qxe3 Rxb7
27. a4 c6 28. Re1 Rd7 29. Nf3 Rd3 30. Qc5 h6 31. Qxc6 Rd1 32. Qe4 Qb6+ 33. Nd4
Rd2 34. Qe3 Ra2 35. a5 Qg6 36. Qg3 Qf6 37. Rf1 Qe7 38. Nf5 Qa7+ 39. Qe3 Qb7 40.
Qf3 Qa7+ 41. Nd4 Qd7 42. h3 Bd5 43. Qf8+ Kh7 44. Rf2 Ra1+ 45. Kh2 Qc7+ 46. Qf4
Qxf4+ 47. Rxf4 Ra2 48. Rg4 g5 49. h4 gxh4 50. Kh3 Ra3 51. Nb5 Ra2 52. Nc7 Bc6
53. Kxh4 Bxg2 54. a6 Bf1 55. b5 Ra3 56. Nd5 h5 57. Rb4 Kg6 58. Nf4+ Kh6 59. c4
Rf3 60. Nxh5 Bh3 61. b6 Bc8 62. Nf4 1-0

[Event "Baltic Sea Cup"]
[Site "Ronne"]
[Date "2007.07.30"]
[Round "1.17"]
[White "Bromann, Thorbjorn"]
[Black "Andersen, Daniel"]
[Result "1-0"]
[WhiteElo "2413"]
[BlackElo "1997"]
[PlyCount "57"]
[EventDate "2007.??.??"]
[EventType "swiss"]
[EventRounds "9"]
[EventCountry "DEN"]
[SourceDate "2005.12.01"]
[WhiteTeam "Denmark"]
[BlackTeam "Denmark"]
[WhiteTeamCountry "DEN"]
[BlackTeamCountry "DEN"]

1. g3 g6 2. Bg2 Bg7 3. c4 Nf6 4. Nc3 c5 5. a3 Nc6 6. Rb1 a5 7. e4 O-O 8. Nge2
Ne8 9. d3 Nc7 10. Be3 Nd4 11. b4 axb4 12. axb4 b6 13. Qd2 Nce6 14. f4 Nxe2 15.
Nxe2 Nd4 16. e5 Ra7 17. Nxd4 cxd4 18. Bxd4 d6 19. Qe3 Ra3 20. Bxb6 Qd7 21. O-O
dxe5 22. fxe5 Rxd3 23. Qe4 Rd2 24. Rf2 f5 25. exf6 Rxf2 26. Bxf2 Rxf6 27. Qd5+
Kf8 28. Qxd7 Bxd7 29. b5 1-0

[Event "Baltic Sea Cup"]
[Site "Ronne"]
[Date "2007.07.30"]
[Round "1.18"]
[White "Lund, Esben"]
[Black "Wilsbeck, Jan Borge"]
[Result "1-0"]
[WhiteElo "2396"]
[BlackElo "1925"]
[PlyCount "58"]
[EventDate "2007.??.??"]
[EventType "swiss"]
[EventRounds "9"]
[EventCountry "DEN"]
[SourceDate "2005.12.01"]
[WhiteTeam "Denmark"]
[BlackTeam "Denmark"]
[WhiteTeamCountry "DEN"]
[BlackTeamCountry "DEN"]

1. d4 Nf6 2. c4 e6 3. Nc3 Bb4 4. e3 b6 5. Bd3 Bb7 6. Nge2 O-O 7. O-O d5 8. cxd5
exd5 9. f3 Re8 10. g4 a6 11. a3 Bd6 12. b4 c5 13. bxc5 bxc5 14. Rb1 Bc6 15.
dxc5 Bxc5 16. Nd4 Bxd4 17. exd4 Nbd7 18. Ne2 Nb6 19. Ng3 Nc4 20. Nf5 g6 21.
Nh6+ Kg7 22. g5 Nh5 23. Ng4 Qd6 24. f4 f6 25. f5 Rf8 26. gxf6+ Kh8 27. fxg6
hxg6 28. Bxg6 Be8 29. Ne5 Qd8 1-0

[Event "Baltic Sea Cup"]
[Site "Ronne"]
[Date "2007.07.30"]
[Round "1.20"]
[White "Matthiesen, Martin"]
[Black "Knudsen, Jes West"]
[Result "1-0"]
[WhiteElo "2363"]
[BlackElo "1990"]
[PlyCount "57"]
[EventDate "2007.??.??"]
[EventType "swiss"]
[EventRounds "9"]
[EventCountry "DEN"]
[SourceDate "2005.12.01"]
[WhiteTeam "Denmark"]
[BlackTeam "Denmark"]
[WhiteTeamCountry "DEN"]
[BlackTeamCountry "DEN"]

1. d4 f5 2. g3 Nf6 3. Bg2 g6 4. Nf3 Bg7 5. O-O O-O 6. b4 c6 7. Bb2 h6 8. c4 Qe8
9. d5 g5 10. Nc3 e5 11. d6 e4 12. Nd4 Ng4 13. h3 Ne5 14. c5 b6 15. Qb3+ Kh8 16.
f4 bxc5 17. bxc5 Ng6 18. Nd1 gxf4 19. gxf4 Na6 20. Qc4 Rb8 21. Bc3 Nh4 22. Bh1
Rg8 23. Kf2 Qg6 24. Ne3 Kh7 25. Rg1 Qh5 26. Ndxf5 Nxf5 27. Nxf5 Qxf5 28. Bxe4
Qxe4 29. Qxe4+ 1-0

[Event "Baltic Sea Cup"]
[Site "Ronne"]
[Date "2007.07.30"]
[Round "1.21"]
[White "Berg, Peter"]
[Black "Zozulia, Anna"]
[Result "0-1"]
[WhiteElo "1966"]
[BlackElo "2332"]
[PlyCount "48"]
[EventDate "2007.??.??"]
[EventType "swiss"]
[EventRounds "9"]
[EventCountry "DEN"]
[SourceDate "2005.12.01"]
[WhiteTeam "Denmark"]
[BlackTeam "Denmark"]
[WhiteTeamCountry "DEN"]
[BlackTeamCountry "DEN"]

1. d4 g6 2. e4 Bg7 3. Nc3 c6 4. Nf3 d6 5. Bc4 Nf6 6. Bb3 b5 7. e5 dxe5 8. Nxe5
O-O 9. O-O Bb7 10. Bg5 Nbd7 11. Qe2 a5 12. a4 b4 13. Nb1 Ba6 14. Bc4 Nxe5 15.
dxe5 Bxc4 16. Qxc4 Qd5 17. Qxd5 Nxd5 18. f4 Ne3 19. Rc1 Nf5 20. g4 Nd4 21. Kf2
f6 22. exf6 exf6 23. Bh4 Rfe8 24. Kf1 f5 0-1

[Event "Baltic Sea Cup"]
[Site "Ronne"]
[Date "2007.07.30"]
[Round "1.22"]
[White "Brinck Claussen, Bjorn"]
[Black "Rasmussen, Morten"]
[Result "1-0"]
[WhiteElo "2324"]
[BlackElo "1979"]
[PlyCount "71"]
[EventDate "2007.??.??"]
[EventType "swiss"]
[EventRounds "9"]
[EventCountry "DEN"]
[SourceDate "2005.12.01"]
[WhiteTeam "Denmark"]
[BlackTeam "Denmark"]
[WhiteTeamCountry "DEN"]
[BlackTeamCountry "DEN"]

1. e4 c6 2. d4 d5 3. Nc3 dxe4 4. Nxe4 Bf5 5. Ng3 Bg6 6. h4 h6 7. Nf3 Nd7 8. h5
Bh7 9. Bd3 Bxd3 10. Qxd3 e6 11. Bf4 Qa5+ 12. Bd2 Qc7 13. Ne4 Ngf6 14. O-O-O
O-O-O 15. g3 Nxe4 16. Qxe4 Nf6 17. Qe2 Bd6 18. Ne5 c5 19. Nc4 cxd4 20. Nxd6+
Qxd6 21. Bf4 Qc5 22. Qe5 Qxe5 23. Bxe5 d3 24. Rh4 b5 25. Rxd3 Rxd3 26. cxd3 Rd8
27. Rf4 Nxh5 28. Rxf7 Rd7 29. Rf8+ Rd8 30. Rf3 Rd7 31. d4 Kb7 32. Rf8 a6 33.
Kc2 Rd5 34. Rf7+ Kc6 35. Rc7+ Kb6 36. Re7 1-0

[Event "Baltic Sea Cup"]
[Site "Ronne"]
[Date "2007.07.30"]
[Round "1.25"]
[White "Nilsen, Joachim Birger"]
[Black "Palm, Nicolaj Lars"]
[Result "0-1"]
[WhiteElo "1958"]
[BlackElo "2308"]
[PlyCount "70"]
[EventDate "2007.??.??"]
[EventType "swiss"]
[EventRounds "9"]
[EventCountry "DEN"]
[SourceDate "2005.12.01"]
[WhiteTeam "Denmark"]
[BlackTeam "Denmark"]
[WhiteTeamCountry "DEN"]
[BlackTeamCountry "DEN"]

1. e4 e5 2. Nf3 Nc6 3. d4 exd4 4. Nxd4 Nf6 5. Nxc6 bxc6 6. e5 Qe7 7. Qe2 Nd5 8.
c4 Ba6 9. b3 g6 10. g3 Bg7 11. Bb2 O-O 12. Bg2 Rae8 13. O-O Bxe5 14. Qxe5 Qxe5
15. Bxe5 Rxe5 16. cxd5 Bxf1 17. Kxf1 cxd5 18. Nc3 c6 19. Rd1 Rfe8 20. Bf3 Kf8
21. b4 Ke7 22. Ne2 Rb8 23. a3 a5 24. Rb1 axb4 25. axb4 Kd6 26. Nf4 Ree8 27. Nd3
Ra8 28. Rb3 Ra1+ 29. Kg2 Rea8 30. Nc5 R8a3 31. Rb2 R1a2 32. Rb1 Rd2 33. Be4
Raa2 34. Rf1 Rdb2 35. Bb1 Ra1 0-1

[Event "Baltic Sea Cup"]
[Site "Ronne"]
[Date "2007.07.30"]
[Round "1.26"]
[White "Carstensen, Jacob"]
[Black "Ascenso, Luis Manuel Pereira"]
[Result "1-0"]
[WhiteElo "2304"]
[BlackElo "1950"]
[PlyCount "77"]
[EventDate "2007.??.??"]
[EventType "swiss"]
[EventRounds "9"]
[EventCountry "DEN"]
[SourceDate "2005.12.01"]
[WhiteTeam "Denmark"]
[BlackTeam "Denmark"]
[WhiteTeamCountry "DEN"]
[BlackTeamCountry "DEN"]

1. d4 d5 2. c4 e6 3. Nc3 Nf6 4. cxd5 exd5 5. Bg5 Be7 6. e3 O-O 7. Bd3 Nbd7 8.
Nf3 h6 9. Bf4 a6 10. O-O Re8 11. Rc1 Nb6 12. Nb5 Nc4 13. Nxc7 Nxb2 14. Qb3 Nxd3
15. Qxd3 Bd7 16. Qb3 Bb5 17. Nxe8 Qxe8 18. Rfe1 a5 19. a3 a4 20. Qb2 Ba6 21.
Nd2 Qf8 22. Ra1 b5 23. Bc7 Ne8 24. Ba5 Nd6 25. Bb4 Qd8 26. Bc5 Bf6 27. Qb4 Nc4
28. Nxc4 dxc4 29. e4 Qd7 30. Rad1 Bd8 31. Qc3 Bb7 32. d5 Ba5 33. Bb4 Bb6 34.
Qg3 f6 35. e5 fxe5 36. Rxe5 Re8 37. Rxe8+ Qxe8 38. Re1 Qd8 39. Qg6 1-0

[Event "Baltic Sea Cup"]
[Site "Ronne"]
[Date "2007.07.30"]
[Round "1.28"]
[White "Bach, Matthias"]
[Black "Holt, Michael"]
[Result "1-0"]
[WhiteElo "2301"]
[BlackElo "1000"]
[PlyCount "21"]
[EventDate "2007.??.??"]
[EventType "swiss"]
[EventRounds "9"]
[EventCountry "DEN"]
[SourceDate "2005.12.01"]
[WhiteTeam "Denmark"]
[BlackTeam "Denmark"]
[WhiteTeamCountry "DEN"]
[BlackTeamCountry "DEN"]

1. d4 g6 2. c4 Bg7 3. e4 d6 4. f4 f6 5. f5 g5 6. d5 c6 7. Nf3 Bd7 8. Nd4 Qc7 9.
Ne6 Bxe6 10. dxe6 c5 11. Qh5+ 1-0

[Event "Baltic Sea Cup"]
[Site "Ronne"]
[Date "2007.07.30"]
[Round "1.29"]
[White "Zachariassen, John"]
[Black "Hirneise, Tobias"]
[Result "0-1"]
[WhiteElo "1939"]
[BlackElo "2293"]
[PlyCount "55"]
[EventDate "2007.??.??"]
[EventType "swiss"]
[EventRounds "9"]
[EventCountry "DEN"]
[SourceDate "2005.12.01"]
[WhiteTeam "Denmark"]
[BlackTeam "Denmark"]
[WhiteTeamCountry "DEN"]
[BlackTeamCountry "DEN"]

1. c4 Nf6 2. g3 g6 3. Bg2 Bg7 4. Nf3 O-O 5. O-O d6 6. Nc3 a6 7. Rb1 e5 8. d3 h6
9. Bd2 Be6 10. h3 Nh5 11. b4 c6 12. b5 axb5 13. cxb5 d5 14. a4 f5 15. e4 fxe4
16. dxe4 d4 17. Ne2 c5 18. Qc1 Nd7 19. Bxh6 Rxa4 20. Bg5 Qe8 21. g4 Nhf6 22.
Nxe5 Nxe5 23. Qxc5 Bc4 24. Qxd4 Nh7 25. Qd1 Nxg5 26. f4 Ra2 27. fxg5 Rxe2 28.
Qxe2 0-1

[Event "Baltic Sea Cup"]
[Site "Ronne"]
[Date "2007.07.30"]
[Round "1.30"]
[White "Hagen, Andreas Skytte"]
[Black "Boje, Tobias Rosholm"]
[Result "1-0"]
[WhiteElo "2256"]
[BlackElo "1931"]
[PlyCount "119"]
[EventDate "2007.??.??"]
[EventType "swiss"]
[EventRounds "9"]
[EventCountry "DEN"]
[SourceDate "2005.12.01"]
[WhiteTeam "Denmark"]
[BlackTeam "Denmark"]
[WhiteTeamCountry "DEN"]
[BlackTeamCountry "DEN"]

1. Nf3 d5 2. d4 Nf6 3. c4 e6 4. Nc3 Nbd7 5. Bg5 Be7 6. e3 O-O 7. Rc1 a6 8. cxd5
exd5 9. Bd3 c6 10. O-O Re8 11. h3 Ne4 12. Bxe7 Qxe7 13. Bxe4 dxe4 14. Nd2 Nf6
15. Qb3 Be6 16. Qb6 Nd5 17. Nxd5 Bxd5 18. Nc4 Bxc4 19. Rxc4 Rad8 20. Rc5 f6 21.
Rfc1 Rd7 22. R1c3 Qe6 23. Rb3 Ree7 24. Qa5 Kf7 25. Rbc3 Rd6 26. b3 Red7 27. Qb4
Qe7 28. Qb6 Rd5 29. b4 Rxc5 30. bxc5 Qe6 31. Qb2 Ke8 32. Rb3 Qf7 33. Qe2 f5 34.
f4 Kd8 35. Qd2 g6 36. Qa5+ Ke8 37. Qb6 Kf8 38. Qa7 Kg7 39. Qb8 Rc7 40. Kh2 Qe7
41. Rb2 Qf7 42. Kg1 Qe7 43. Kf1 Qf7 44. Ke1 Re7 45. Kf2 Rc7 46. Kg3 Re7 47. Kh2
Rc7 48. g4 fxg4 49. hxg4 Re7 50. Kg3 h6 51. Qd6 Kh7 52. Rh2 Re6 53. Qd8 Re7 54.
Rd2 Kg7 55. Rf2 Re6 56. Qb8 Re8 57. Qd6 Re6 58. Qd8 Rf6 59. Rh2 Kh7 60. Rxh6+
1-0